[Event "Deutsche Ländermeisterschaft 2022"]
[Site "Wiesbaden GER"]
[Date "2022.10.03"]
[Round "6"]
[White "Lutsko, Artem"]
[Black "Petrovskiy, Vadim"]
[Result "1/2-1/2"]
[Termination "normal"]
[Board "2.1"]
[WhiteTitle "IM"]
[BlackTitle "FM"]
[WhiteElo "2431"]
[BlackElo "2320"]
[WhiteClock "01:02:34"]
[BlackClock "00:51:02"]
[WhiteTeam "Bayern"]
[BlackTeam "Hessen"]
[PlyCount "49"]
[WhiteFideId "14188767"]
[BlackFideId "14165210"]
[EventCountry "GER"]
[EventRounds "7"]
[EventType "team-swiss"]
[EventDate "2022.09.30"]

1. e4 {[%clk 1:30:59]} c5 {[%clk 1:30:00]} 2. Nf3 {[%clk 1:30:45]} d6 {[%clk
1:29:59]} 3. d4 {[%clk 1:30:57]} cxd4 {[%clk 1:30:23]} 4. Nxd4 {[%clk 1:31:24]}
Nf6 {[%clk 1:30:46]} 5. Nc3 {[%clk 1:31:25]} a6 {[%clk 1:30:53]} 6. Be2 {[%clk
1:30:58]} e5 {[%clk 1:31:04]} 7. Nb3 {[%clk 1:31:14]} Be7 {[%clk 1:31:14]} 8.
Be3 {[%clk 1:28:47]} Be6 {[%clk 1:28:38]} 9. O-O {[%clk 1:28:28]} O-O {[%clk
1:28:24]} 10. Qd2 {[%clk 1:23:48]} Nbd7 {[%clk 1:28:21]} 11. a4 {[%clk
1:23:26]} Nb6 {[%clk 1:23:56]} 12. a5 {[%clk 1:21:28]} Nc4 {[%clk 1:24:01]} 13.
Bxc4 {[%clk 1:21:52]} Bxc4 {[%clk 1:24:25]} 14. Rfd1 {[%clk 1:21:03]} Rc8
{[%clk 1:22:10]} 15. Nc1 {[%clk 1:18:43]} d5 {[%clk 0:59:02]} 16. Bb6 {[%clk
1:11:44]} Qe8 {[%clk 0:56:17]} 17. exd5 {[%clk 1:04:02]} Bb4 {[%clk 0:56:33]}
18. d6 {[%clk 1:03:08]} Qd7 {[%clk 0:54:25]} 19. Nd3 {[%clk 1:00:56]} Bxd6
{[%clk 0:49:26]} 20. Nxe5 {[%clk 1:01:09]} Bxe5 {[%clk 0:49:45]} 21. Qxd7
{[%clk 1:01:31]} Nxd7 {[%clk 0:50:12]} 22. Rxd7 {[%clk 1:01:56]} Bxc3 {[%clk
0:50:19]} 23. bxc3 {[%clk 1:02:20]} Bb5 {[%clk 0:50:42]} 24. Rxb7 {[%clk
1:02:26]} Rxc3 {[%clk 0:51:02]} 25. Rc7 {[%clk 1:02:34]} 1/2-1/2

[Event "Deutsche Ländermeisterschaft 2022"]
[Site "Wiesbaden GER"]
[Date "2022.10.03"]
[Round "6"]
[White "Stork, Oliver"]
[Black "Kolb, Tobias"]
[Result "1/2-1/2"]
[Termination "normal"]
[Board "2.2"]
[WhiteTitle "FM"]
[BlackTitle "FM"]
[WhiteElo "2315"]
[BlackElo "2357"]
[WhiteClock "00:05:52"]
[BlackClock "00:26:20"]
[WhiteTeam "Hessen"]
[BlackTeam "Bayern"]
[PlyCount "218"]
[WhiteFideId "12955728"]
[BlackFideId "12992321"]
[EventCountry "GER"]
[EventRounds "7"]
[EventType "team-swiss"]
[EventDate "2022.09.30"]

1. d4 {[%clk 1:30:57]} d5 {[%clk 1:30:53]} 2. c4 {[%clk 1:31:22]} e6 {[%clk
1:31:20]} 3. Nc3 {[%clk 1:31:47]} Nf6 {[%clk 1:31:46]} 4. cxd5 {[%clk 1:32:04]}
exd5 {[%clk 1:32:12]} 5. Bg5 {[%clk 1:32:27]} Be7 {[%clk 1:32:39]} 6. e3 {[%clk
1:32:49]} O-O {[%clk 1:32:52]} 7. Bd3 {[%clk 1:33:04]} h6 {[%clk 1:33:04]} 8.
Bh4 {[%clk 1:33:23]} Re8 {[%clk 1:33:11]} 9. Nge2 {[%clk 1:33:13]} c6 {[%clk
1:32:27]} 10. O-O {[%clk 1:32:06]} Nbd7 {[%clk 1:31:04]} 11. Rb1 {[%clk
1:26:42]} a5 {[%clk 1:16:37]} 12. Qc2 {[%clk 1:15:56]} Nh5 {[%clk 1:16:21]} 13.
Bxe7 {[%clk 1:16:16]} Qxe7 {[%clk 1:16:48]} 14. Na4 {[%clk 1:15:00]} Nhf6
{[%clk 1:12:27]} 15. a3 {[%clk 0:48:43]} Qd6 {[%clk 1:05:47]} 16. Ng3 {[%clk
0:36:34]} h5 {[%clk 0:43:09]} 17. Rfc1 {[%clk 0:35:09]} Ng4 {[%clk 0:38:24]}
18. Nf1 {[%clk 0:33:55]} g6 {[%clk 0:33:25]} 19. h3 {[%clk 0:31:50]} Nh6 {[%clk
0:32:54]} 20. b4 {[%clk 0:26:38]} axb4 {[%clk 0:33:20]} 21. axb4 {[%clk
0:25:26]} b5 {[%clk 0:33:27]} 22. Nc5 {[%clk 0:25:51]} Nb6 {[%clk 0:33:54]} 23.
e4 {[%clk 0:25:04]} dxe4 {[%clk 0:30:21]} 24. Nxe4 {[%clk 0:23:29]} Qxd4 {[%clk
0:30:43]} 25. Qxc6 {[%clk 0:18:29]} Re6 {[%clk 0:31:10]} 26. Qc3 {[%clk
0:18:16]} Nf5 {[%clk 0:24:05]} 27. Nc5 {[%clk 0:11:17]} Qxc3 {[%clk 0:23:05]}
28. Rxc3 {[%clk 0:11:46]} Nd5 {[%clk 0:22:27]} 29. Rcc1 {[%clk 0:11:44]} Rd6
{[%clk 0:19:41]} 30. Bxb5 {[%clk 0:09:16]} Rb8 {[%clk 0:18:12]} 31. Bc4 {[%clk
0:08:45]} Nxb4 {[%clk 0:14:35]} 32. Nd3 {[%clk 0:07:42]} Rdb6 {[%clk 0:10:46]}
33. Rxb4 {[%clk 0:04:33]} Rxb4 {[%clk 0:11:12]} 34. Nxb4 {[%clk 0:04:59]} Rxb4
{[%clk 0:11:39]} 35. Bxf7+ {[%clk 0:04:57]} Kxf7 {[%clk 0:12:05]} 36. Rxc8
{[%clk 0:05:22]} Rb1 {[%clk 0:10:15]} 37. g3 {[%clk 0:04:32]} h4 {[%clk
0:09:03]} 38. Rc3 {[%clk 0:02:09]} hxg3 {[%clk 0:09:05]} 39. fxg3 {[%clk
0:02:33]} Rb2 {[%clk 0:08:10]} 40. Rf3 {[%clk 0:02:33]} Kg7 {[%clk 0:06:47]}
41. Rf2 {[%clk 0:28:11]} Rb3 {[%clk 0:34:14]} 42. Kh2 {[%clk 0:22:11]} Ra3
{[%clk 0:33:01]} 43. Kg2 {[%clk 0:14:55]} Ne3+ {[%clk 0:33:15]} 44. Nxe3 {[%clk
0:15:20]} Rxe3 {[%clk 0:33:43]} 45. Rf3 {[%clk 0:15:36]} Re2+ {[%clk 0:34:07]}
46. Rf2 {[%clk 0:16:03]} Re3 {[%clk 0:34:35]} 47. Rf4 {[%clk 0:15:14]} Ra3
{[%clk 0:34:48]} 48. Kf2 {[%clk 0:15:17]} Rb3 {[%clk 0:34:22]} 49. Re4 {[%clk
0:15:32]} Kf6 {[%clk 0:32:55]} 50. Re3 {[%clk 0:14:10]} Rb4 {[%clk 0:33:04]}
51. Kf3 {[%clk 0:13:18]} Kg5 {[%clk 0:31:53]} 52. Re5+ {[%clk 0:13:23]} Kf6
{[%clk 0:32:19]} 53. Re4 {[%clk 0:13:43]} Rb3+ {[%clk 0:32:46]} 54. Kf4 {[%clk
0:14:00]} Rb5 {[%clk 0:33:06]} 55. h4 {[%clk 0:10:28]} Rf5+ {[%clk 0:32:53]}
56. Kg4 {[%clk 0:10:30]} Ra5 {[%clk 0:33:19]} 57. Rb4 {[%clk 0:10:37]} Rc5
{[%clk 0:33:15]} 58. Rb6+ {[%clk 0:10:36]} Kg7 {[%clk 0:33:41]} 59. Rb7+ {[%clk
0:10:53]} Kf6 {[%clk 0:33:46]} 60. Rb6+ {[%clk 0:11:08]} Kg7 {[%clk 0:34:13]}
61. Re6 {[%clk 0:10:03]} Kf7 {[%clk 0:34:09]} 62. Rd6 {[%clk 0:10:16]} Rc4+
{[%clk 0:33:15]} 63. Kg5 {[%clk 0:10:16]} Rc5+ {[%clk 0:33:42]} 64. Kf4 {[%clk
0:10:40]} Kg7 {[%clk 0:32:09]} 65. Rd7+ {[%clk 0:08:59]} Kf6 {[%clk 0:32:29]}
66. Rd6+ {[%clk 0:09:26]} Kg7 {[%clk 0:32:56]} 67. Re6 {[%clk 0:09:31]} Rf5+
{[%clk 0:33:23]} 68. Ke4 {[%clk 0:08:52]} Ra5 {[%clk 0:32:13]} 69. Rd6 {[%clk
0:07:06]} Ra3 {[%clk 0:31:16]} 70. Rd7+ {[%clk 0:07:12]} Kf6 {[%clk 0:31:15]}
71. Rd6+ {[%clk 0:07:38]} Kg7 {[%clk 0:31:41]} 72. g4 {[%clk 0:06:40]} Ra5
{[%clk 0:24:29]} 73. Rd5 {[%clk 0:07:04]} Ra4+ {[%clk 0:24:39]} 74. Rd4 {[%clk
0:07:30]} Ra5 {[%clk 0:24:55]} 75. Rd7+ {[%clk 0:07:51]} Kf6 {[%clk 0:24:53]}
76. Rd6+ {[%clk 0:08:00]} Kf7 {[%clk 0:24:34]} 77. Kf4 {[%clk 0:05:12]} Rb5
{[%clk 0:24:26]} 78. Rd7+ {[%clk 0:04:47]} Kf6 {[%clk 0:24:27]} 79. Rd6+ {[%clk
0:04:10]} Kf7 {[%clk 0:24:40]} 80. Rc6 {[%clk 0:04:27]} Ra5 {[%clk 0:24:26]}
81. Rc7+ {[%clk 0:03:36]} Kf6 {[%clk 0:24:52]} 82. Rc6+ {[%clk 0:01:59]} Kf7
{[%clk 0:25:18]} 83. Rb6 {[%clk 0:02:26]} Rc5 {[%clk 0:25:36]} 84. Ra6 {[%clk
0:02:50]} Rb5 {[%clk 0:26:03]} 85. Ra7+ {[%clk 0:03:14]} Kf6 {[%clk 0:26:31]}
86. g5+ {[%clk 0:01:34]} Ke6 {[%clk 0:26:58]} 87. Ra6+ {[%clk 0:01:54]} Kf7
{[%clk 0:27:25]} 88. Ra7+ {[%clk 0:02:20]} Ke6 {[%clk 0:27:52]} 89. Ra6+ {[%clk
0:01:56]} Kf7 {[%clk 0:28:19]} 90. Rf6+ {[%clk 0:02:23]} Kg7 {[%clk 0:28:47]}
91. Re6 {[%clk 0:02:25]} Kf7 {[%clk 0:27:41]} 92. Rf6+ {[%clk 0:02:17]} Kg7
{[%clk 0:28:07]} 93. Rd6 {[%clk 0:02:43]} Rb4+ {[%clk 0:25:54]} 94. Ke5 {[%clk
0:03:06]} Rxh4 {[%clk 0:25:39]} 95. Rd7+ {[%clk 0:03:31]} Kg8 {[%clk 0:25:46]}
96. Rd8+ {[%clk 0:03:51]} Kf7 {[%clk 0:26:05]} 97. Rd7+ {[%clk 0:04:17]} Kg8
{[%clk 0:26:31]} 98. Kf6 {[%clk 0:04:44]} Ra4 {[%clk 0:25:19]} 99. Rd8+ {[%clk
0:04:40]} Kh7 {[%clk 0:25:46]} 100. Rd7+ {[%clk 0:04:54]} Kg8 {[%clk 0:26:13]}
101. Re7 {[%clk 0:05:19]} Ra8 {[%clk 0:25:31]} 102. Rg7+ {[%clk 0:05:00]} Kh8
{[%clk 0:25:49]} 103. Rxg6 {[%clk 0:04:04]} Ra6+ {[%clk 0:25:33]} 104. Kf5
{[%clk 0:04:27]} Ra5+ {[%clk 0:25:35]} 105. Kg4 {[%clk 0:04:50]} Ra1 {[%clk
0:25:12]} 106. Rb6 {[%clk 0:05:10]} Kg7 {[%clk 0:25:32]} 107. g6 {[%clk
0:05:00]} Rg1+ {[%clk 0:25:54]} 108. Kf4 {[%clk 0:05:26]} Rxg6 {[%clk 0:26:20]}
109. Rxg6+ {[%clk 0:05:52]} Kxg6 1/2-1/2

[Event "Deutsche Ländermeisterschaft 2022"]
[Site "Wiesbaden GER"]
[Date "2022.10.03"]
[Round "6"]
[White "Schneider, Jana"]
[Black "Laux, Dominik"]
[Result "0-1"]
[Termination "normal"]
[Board "2.3"]
[WhiteTitle "FM"]
[BlackTitle "FM"]
[WhiteElo "2323"]
[BlackElo "2248"]
[WhiteClock "00:25:13"]
[BlackClock "00:23:46"]
[WhiteTeam "Bayern"]
[BlackTeam "Hessen"]
[PlyCount "130"]
[WhiteFideId "12924997"]
[BlackFideId "12994219"]
[EventCountry "GER"]
[EventRounds "7"]
[EventType "team-swiss"]
[EventDate "2022.09.30"]

1. e4 {[%clk 1:30:56]} c5 {[%clk 1:30:42]} 2. Nf3 {[%clk 1:31:17]} Nc6 {[%clk
1:30:35]} 3. d4 {[%clk 1:31:37]} cxd4 {[%clk 1:30:59]} 4. Nxd4 {[%clk 1:32:03]}
Nf6 {[%clk 1:31:20]} 5. Nc3 {[%clk 1:32:24]} d6 {[%clk 1:31:12]} 6. Bc4 {[%clk
1:32:43]} Qb6 {[%clk 1:30:40]} 7. Nxc6 {[%clk 1:32:55]} bxc6 {[%clk 1:31:05]}
8. Qe2 {[%clk 1:33:12]} g6 {[%clk 1:29:05]} 9. O-O {[%clk 1:23:20]} Qc7 {[%clk
1:29:32]} 10. f4 {[%clk 1:17:46]} Bg7 {[%clk 1:29:57]} 11. e5 {[%clk 1:14:57]}
dxe5 {[%clk 1:23:40]} 12. fxe5 {[%clk 1:14:07]} Nd5 {[%clk 1:24:01]} 13. Kh1
{[%clk 1:08:19]} e6 {[%clk 1:19:29]} 14. Re1 {[%clk 1:05:48]} O-O {[%clk
1:16:24]} 15. Na4 {[%clk 1:00:16]} Nb6 {[%clk 1:06:14]} 16. Bb3 {[%clk
0:55:17]} Nxa4 {[%clk 1:04:16]} 17. Bxa4 {[%clk 0:55:39]} Rd8 {[%clk 0:59:53]}
18. c4 {[%clk 0:49:43]} c5 {[%clk 0:55:44]} 19. Bg5 {[%clk 0:48:02]} Rd4 {[%clk
0:54:04]} 20. Rad1 {[%clk 0:46:17]} Ba6 {[%clk 0:50:26]} 21. Rxd4 {[%clk
0:44:02]} cxd4 {[%clk 0:50:54]} 22. Qe4 {[%clk 0:41:38]} Rb8 {[%clk 0:33:19]}
23. Qxd4 {[%clk 0:17:26]} Qa5 {[%clk 0:32:40]} 24. Qd1 {[%clk 0:15:04]} Rxb2
{[%clk 0:30:09]} 25. Bc1 {[%clk 0:07:41]} Rb8 {[%clk 0:28:10]} 26. Bd2 {[%clk
0:06:41]} Qc7 {[%clk 0:27:32]} 27. Be3 {[%clk 0:05:55]} Bxe5 {[%clk 0:23:05]}
28. Bxa7 {[%clk 0:06:02]} Qxa7 {[%clk 0:22:52]} 29. Rxe5 {[%clk 0:06:26]} Bxc4
{[%clk 0:23:14]} 30. Bb3 {[%clk 0:05:00]} Bxb3 {[%clk 0:23:03]} 31. axb3 {[%clk
0:05:25]} Rxb3 {[%clk 0:23:14]} 32. h3 {[%clk 0:04:36]} Qb6 {[%clk 0:22:17]}
33. Re1 {[%clk 0:04:15]} Rb2 {[%clk 0:21:16]} 34. Qf3 {[%clk 0:02:29]} Rb1
{[%clk 0:18:46]} 35. Qa8+ {[%clk 0:02:04]} Kg7 {[%clk 0:19:11]} 36. Rxb1 {[%clk
0:02:23]} Qxb1+ {[%clk 0:19:36]} 37. Kh2 {[%clk 0:02:50]} Qb2 {[%clk 0:19:51]}
38. Qd8 {[%clk 0:02:46]} e5 {[%clk 0:19:43]} 39. Qe7 {[%clk 0:02:43]} h5 {[%clk
0:19:43]} 40. Kg3 {[%clk 0:02:38]} Qd4 {[%clk 0:18:36]} 41. Kf3 {[%clk
0:02:53]} Qf4+ {[%clk 0:16:59]} 42. Ke2 {[%clk 0:03:16]} e4 {[%clk 0:16:06]}
43. Qb4 {[%clk 0:03:07]} Qe5 {[%clk 0:15:43]} 44. Kf2 {[%clk 0:02:10]} Kf6
{[%clk 0:08:37]} 45. Qb6+ {[%clk 0:00:33]} Kg7 {[%clk 0:06:35]} 46. Qb4 {[%clk
0:00:41]} Qd5 {[%clk 0:04:40]} 47. Qc3+ {[%clk 0:27:15]} Kg8 {[%clk 0:35:00]}
48. Qc8+ {[%clk 0:27:11]} Kh7 {[%clk 0:35:06]} 49. Qc7 {[%clk 0:27:00]} Qd4+
{[%clk 0:33:35]} 50. Ke2 {[%clk 0:26:02]} Kg7 {[%clk 0:32:24]} 51. Qc1 {[%clk
0:23:10]} Qd3+ {[%clk 0:27:25]} 52. Kf2 {[%clk 0:23:31]} Qd4+ {[%clk 0:24:54]}
53. Ke2 {[%clk 0:23:55]} Qd3+ {[%clk 0:24:09]} 54. Kf2 {[%clk 0:24:15]} e3+
{[%clk 0:23:59]} 55. Qxe3 {[%clk 0:24:14]} Qxe3+ {[%clk 0:24:28]} 56. Kxe3
{[%clk 0:24:36]} Kf6 {[%clk 0:22:16]} 57. h4 {[%clk 0:23:29]} Ke5 {[%clk
0:21:16]} 58. g3 {[%clk 0:23:06]} Kf5 {[%clk 0:21:10]} 59. Kf3 {[%clk 0:23:22]}
f6 {[%clk 0:21:24]} 60. Kf2 {[%clk 0:23:42]} Kg4 {[%clk 0:21:48]} 61. Kg2
{[%clk 0:24:02]} f5 {[%clk 0:22:11]} 62. Kh2 {[%clk 0:24:01]} f4 {[%clk
0:22:35]} 63. gxf4 {[%clk 0:24:23]} Kxf4 {[%clk 0:22:57]} 64. Kh3 {[%clk
0:24:49]} Kf3 {[%clk 0:23:20]} 65. Kh2 {[%clk 0:25:13]} Kg4 {[%clk 0:23:46]}
0-1

[Event "Deutsche Ländermeisterschaft 2022"]
[Site "Wiesbaden GER"]
[Date "2022.10.03"]
[Round "6"]
[White "Hagner, Bennet"]
[Black "Huber, Benedikt"]
[Result "1-0"]
[Termination "normal"]
[Board "2.4"]
[BlackTitle "FM"]
[WhiteElo "2253"]
[BlackElo "2299"]
[WhiteClock "00:33:49"]
[BlackClock "00:09:01"]
[WhiteTeam "Hessen"]
[BlackTeam "Bayern"]
[PlyCount "53"]
[WhiteFideId "16224477"]
[BlackFideId "12923583"]
[EventCountry "GER"]
[EventRounds "7"]
[EventType "team-swiss"]
[EventDate "2022.09.30"]

1. e4 {[%clk 1:30:58]} e5 {[%clk 1:30:54]} 2. Nf3 {[%clk 1:31:24]} Nc6 {[%clk
1:31:14]} 3. Bb5 {[%clk 1:31:49]} a6 {[%clk 1:31:38]} 4. Ba4 {[%clk 1:32:15]}
Nf6 {[%clk 1:31:59]} 5. O-O {[%clk 1:32:37]} Be7 {[%clk 1:32:21]} 6. Bxc6
{[%clk 1:32:59]} dxc6 {[%clk 1:32:44]} 7. d3 {[%clk 1:33:21]} Bd6 {[%clk
1:33:01]} 8. Nbd2 {[%clk 1:32:39]} Be6 {[%clk 1:33:13]} 9. d4 {[%clk 1:32:42]}
Nd7 {[%clk 1:31:15]} 10. dxe5 {[%clk 1:33:05]} Nxe5 {[%clk 1:31:17]} 11. Nxe5
{[%clk 1:33:26]} Bxe5 {[%clk 1:31:41]} 12. f4 {[%clk 1:33:49]} Bd4+ {[%clk
1:24:10]} 13. Kh1 {[%clk 1:34:17]} f6 {[%clk 1:24:27]} 14. c3 {[%clk 1:33:45]}
Be3 {[%clk 1:24:04]} 15. Qe2 {[%clk 1:23:25]} Bxd2 {[%clk 1:24:16]} 16. Bxd2
{[%clk 1:23:50]} O-O {[%clk 1:20:38]} 17. f5 {[%clk 1:22:53]} Bf7 {[%clk
1:18:00]} 18. Bf4 {[%clk 1:11:32]} Qe7 {[%clk 1:06:27]} 19. a3 {[%clk 0:56:20]}
Rfe8 {[%clk 0:41:45]} 20. Rae1 {[%clk 0:55:51]} Bd5 {[%clk 0:40:20]} 21. Rf3
{[%clk 0:44:37]} Qf7 {[%clk 0:38:03]} 22. Re3 {[%clk 0:44:18]} Bc4 {[%clk
0:38:24]} 23. Qg4 {[%clk 0:43:57]} Kh8 {[%clk 0:17:18]} 24. e5 {[%clk 0:40:05]}
b5 {[%clk 0:10:54]} 25. e6 {[%clk 0:37:48]} Qe7 {[%clk 0:10:56]} 26. Rh3 {[%clk
0:35:11]} Rad8 {[%clk 0:09:01]} 27. Qg6 {[%clk 0:33:49]} 1-0

[Event "Deutsche Ländermeisterschaft 2022"]
[Site "Wiesbaden GER"]
[Date "2022.10.03"]
[Round "6"]
[White "Boder, Jan"]
[Black "Stelmaszyk, Nico"]
[Result "0-1"]
[Termination "normal"]
[Board "3.1"]
[WhiteTitle "FM"]
[BlackTitle "FM"]
[WhiteElo "2341"]
[BlackElo "2355"]
[WhiteClock "00:30:57"]
[BlackClock "00:13:12"]
[WhiteTeam "Rheinland-Pfalz"]
[BlackTeam "Niedersachsen"]
[PlyCount "140"]
[WhiteFideId "16243226"]
[BlackFideId "16200462"]
[EventCountry "GER"]
[EventRounds "7"]
[EventType "team-swiss"]
[EventDate "2022.09.30"]

1. Nf3 {[%clk 1:30:58]} Nf6 {[%clk 1:30:55]} 2. c4 {[%clk 1:31:21]} e6 {[%clk
1:31:19]} 3. g3 {[%clk 1:31:46]} d5 {[%clk 1:31:44]} 4. Bg2 {[%clk 1:32:13]}
Be7 {[%clk 1:32:10]} 5. O-O {[%clk 1:32:37]} O-O {[%clk 1:32:36]} 6. d4 {[%clk
1:33:03]} dxc4 {[%clk 1:33:01]} 7. Qc2 {[%clk 1:33:25]} b6 {[%clk 1:33:26]} 8.
Ne5 {[%clk 1:28:55]} Qxd4 {[%clk 1:33:19]} 9. Bxa8 {[%clk 1:28:19]} Qxe5 {[%clk
1:33:44]} 10. Bf4 {[%clk 1:27:46]} Qh5 {[%clk 1:34:04]} 11. Bf3 {[%clk
1:20:55]} Ng4 {[%clk 1:34:29]} 12. Bxg4 {[%clk 1:21:21]} Qxg4 {[%clk 1:34:55]}
13. f3 {[%clk 1:19:53]} Qh3 {[%clk 1:26:11]} 14. Nd2 {[%clk 1:18:31]} Bc5+
{[%clk 1:24:17]} 15. Kh1 {[%clk 1:18:12]} b5 {[%clk 1:13:22]} 16. Ne4 {[%clk
1:13:55]} Bb6 {[%clk 1:09:02]} 17. a4 {[%clk 1:13:01]} e5 {[%clk 1:05:19]} 18.
Bxe5 {[%clk 1:08:49]} Nc6 {[%clk 1:05:06]} 19. Bc3 {[%clk 1:01:24]} a6 {[%clk
0:44:38]} 20. axb5 {[%clk 1:00:14]} axb5 {[%clk 0:44:56]} 21. Qd2 {[%clk
0:57:47]} Qh5 {[%clk 0:31:11]} 22. Rfd1 {[%clk 0:48:55]} h6 {[%clk 0:25:53]}
23. g4 {[%clk 0:38:39]} Qg6 {[%clk 0:23:37]} 24. Qd5 {[%clk 0:37:19]} b4 {[%clk
0:15:48]} 25. Be1 {[%clk 0:35:59]} Re8 {[%clk 0:14:43]} 26. Ra8 {[%clk
0:34:30]} Kh7 {[%clk 0:12:44]} 27. Bg3 {[%clk 0:30:03]} Rxe4 {[%clk 0:07:40]}
28. fxe4 {[%clk 0:28:22]} Ne7 {[%clk 0:04:29]} 29. Qxc4 {[%clk 0:22:18]} Bb7
{[%clk 0:04:46]} 30. h3 {[%clk 0:22:32]} Qxe4+ {[%clk 0:04:03]} 31. Qxe4+
{[%clk 0:22:50]} Bxe4+ {[%clk 0:04:25]} 32. Kh2 {[%clk 0:23:15]} Bxa8 {[%clk
0:04:49]} 33. Rd7 {[%clk 0:23:05]} Nd5 {[%clk 0:03:28]} 34. Rxf7 {[%clk
0:22:05]} Kg8 {[%clk 0:03:09]} 35. Rd7 {[%clk 0:21:40]} Bc6 {[%clk 0:03:23]}
36. Rd8+ {[%clk 0:21:58]} Kf7 {[%clk 0:03:36]} 37. Be5 {[%clk 0:17:11]} Ne3
{[%clk 0:02:39]} 38. Bd4 {[%clk 0:16:45]} Bxd4 {[%clk 0:01:09]} 39. Rxd4 {[%clk
0:17:12]} Nd5 {[%clk 0:00:44]} 40. e4 {[%clk 0:16:05]} Nf6 {[%clk 0:00:59]} 41.
Rxb4 {[%clk 0:13:56]} Bxe4 {[%clk 0:01:20]} 42. Ra4 {[%clk 0:09:44]} Ke6 {[%clk
0:29:25]} 43. Kg3 {[%clk 0:39:41]} Bd5 {[%clk 0:25:06]} 44. Ra7 {[%clk
0:39:22]} Kd6 {[%clk 0:24:33]} 45. h4 {[%clk 0:38:38]} Be6 {[%clk 0:22:30]} 46.
g5 {[%clk 0:38:45]} hxg5 {[%clk 0:21:50]} 47. hxg5 {[%clk 0:39:08]} Nh5+ {[%clk
0:22:16]} 48. Kf3 {[%clk 0:37:43]} g6 {[%clk 0:22:17]} 49. Ra6+ {[%clk
0:38:05]} Ke5 {[%clk 0:18:58]} 50. Ra5+ {[%clk 0:36:29]} Bd5+ {[%clk 0:19:20]}
51. Kg4 {[%clk 0:36:53]} Ng7 {[%clk 0:18:57]} 52. Ra7 {[%clk 0:35:35]} Ne6
{[%clk 0:18:53]} 53. Ra1 {[%clk 0:34:45]} Be4 {[%clk 0:18:26]} 54. Ra5+ {[%clk
0:34:38]} Kd4 {[%clk 0:18:13]} 55. Ra4+ {[%clk 0:34:47]} Kd3 {[%clk 0:18:21]}
56. Kh4 {[%clk 0:33:54]} Bf5 {[%clk 0:18:26]} 57. Ra7 {[%clk 0:31:37]} c5
{[%clk 0:17:30]} 58. Rb7 {[%clk 0:31:48]} c4 {[%clk 0:16:59]} 59. Rb4 {[%clk
0:31:21]} Nc5 {[%clk 0:14:09]} 60. Rb5 {[%clk 0:31:13]} Ne4 {[%clk 0:12:14]}
61. Rd5+ {[%clk 0:29:40]} Kc2 {[%clk 0:12:02]} 62. Rd4 {[%clk 0:30:04]} Nd2
{[%clk 0:11:58]} 63. Rf4 {[%clk 0:29:39]} Kxb2 {[%clk 0:10:34]} 64. Rxf5 {[%clk
0:29:59]} gxf5 {[%clk 0:10:58]} 65. g6 {[%clk 0:30:27]} Ne4 {[%clk 0:11:20]}
66. g7 {[%clk 0:30:46]} Nf6 {[%clk 0:11:35]} 67. Kg5 {[%clk 0:31:09]} Ng8
{[%clk 0:11:59]} 68. Kxf5 {[%clk 0:30:31]} c3 {[%clk 0:12:22]} 69. Kg6 {[%clk
0:30:56]} c2 {[%clk 0:12:48]} 70. Kf7 {[%clk 0:30:57]} Nh6+ {[%clk 0:13:12]}
0-1

[Event "Deutsche Ländermeisterschaft 2022"]
[Site "Wiesbaden GER"]
[Date "2022.10.03"]
[Round "6"]
[White "Pubantz, Jan"]
[Black "Sidletskyi, Ivan"]
[Result "1-0"]
[Termination "normal"]
[Board "3.2"]
[WhiteElo "2273"]
[BlackElo "2184"]
[WhiteClock "00:01:38"]
[BlackClock "00:01:03"]
[WhiteTeam "Niedersachsen"]
[BlackTeam "Rheinland-Pfalz"]
[PlyCount "85"]
[WhiteFideId "12996114"]
[BlackFideId "14156024"]
[EventCountry "GER"]
[EventRounds "7"]
[EventType "team-swiss"]
[EventDate "2022.09.30"]

1. d4 {[%clk 1:30:58]} Nf6 {[%clk 1:29:31]} 2. c4 {[%clk 1:31:15]} e6 {[%clk
1:27:54]} 3. Nc3 {[%clk 1:30:49]} Bb4 {[%clk 1:27:47]} 4. Qc2 {[%clk 1:31:08]}
d5 {[%clk 1:27:17]} 5. a3 {[%clk 1:31:20]} Bxc3+ {[%clk 1:26:32]} 6. Qxc3
{[%clk 1:31:48]} O-O {[%clk 1:26:31]} 7. Nf3 {[%clk 1:32:02]} dxc4 {[%clk
1:25:27]} 8. Qxc4 {[%clk 1:32:14]} b6 {[%clk 1:24:55]} 9. Bg5 {[%clk 1:32:41]}
Ba6 {[%clk 1:22:23]} 10. Qa4 {[%clk 1:32:58]} c5 {[%clk 1:16:56]} 11. dxc5
{[%clk 1:32:50]} bxc5 {[%clk 1:17:07]} 12. Rc1 {[%clk 1:31:23]} Qb6 {[%clk
1:14:40]} 13. Bxf6 {[%clk 1:31:07]} gxf6 {[%clk 1:14:23]} 14. Rc2 {[%clk
1:31:20]} c4 {[%clk 1:02:56]} 15. e3 {[%clk 1:23:03]} Bb5 {[%clk 0:57:42]} 16.
Qb4 {[%clk 1:23:16]} Nc6 {[%clk 0:51:25]} 17. Qc3 {[%clk 1:20:45]} Qa5 {[%clk
0:48:17]} 18. Nd2 {[%clk 1:15:04]} Ba4 {[%clk 0:33:34]} 19. Nxc4 {[%clk
1:02:31]} Qxc3+ {[%clk 0:32:12]} 20. Rxc3 {[%clk 1:01:33]} Rab8 {[%clk
0:31:18]} 21. Bd3 {[%clk 0:57:17]} Rfd8 {[%clk 0:28:22]} 22. f4 {[%clk
0:26:36]} Bb5 {[%clk 0:23:41]} 23. b3 {[%clk 0:23:02]} Ne7 {[%clk 0:17:56]} 24.
Ke2 {[%clk 0:20:41]} Nd5 {[%clk 0:15:12]} 25. Rc2 {[%clk 0:20:47]} a5 {[%clk
0:14:33]} 26. Rd1 {[%clk 0:19:15]} a4 {[%clk 0:12:31]} 27. b4 {[%clk 0:19:23]}
Rbc8 {[%clk 0:12:08]} 28. Rdc1 {[%clk 0:18:31]} Kf8 {[%clk 0:05:43]} 29. Nb2
{[%clk 0:17:43]} Rxc2+ {[%clk 0:05:51]} 30. Rxc2 {[%clk 0:18:10]} Bd7 {[%clk
0:06:06]} 31. Rc5 {[%clk 0:14:44]} Ke7 {[%clk 0:06:08]} 32. g3 {[%clk 0:13:13]}
f5 {[%clk 0:04:52]} 33. e4 {[%clk 0:10:25]} fxe4 {[%clk 0:05:11]} 34. Bxe4
{[%clk 0:10:51]} h5 {[%clk 0:04:06]} 35. Bxd5 {[%clk 0:08:40]} exd5 {[%clk
0:04:29]} 36. Kd2 {[%clk 0:09:02]} Kd6 {[%clk 0:04:19]} 37. Ra5 {[%clk
0:08:21]} h4 {[%clk 0:04:06]} 38. Nxa4 {[%clk 0:06:39]} hxg3 {[%clk 0:04:22]}
39. hxg3 {[%clk 0:06:38]} Rg8 {[%clk 0:04:36]} 40. Nc3 {[%clk 0:05:46]} Rxg3
{[%clk 0:04:17]} 41. Rxd5+ {[%clk 0:03:05]} Ke6 {[%clk 0:03:22]} 42. Re5+
{[%clk 0:01:16]} Kf6 {[%clk 0:01:03]} 43. Ne4+ {[%clk 0:01:38]} 1-0